|
|
|
|
| LEADER |
00000nam0a2200000 4500 |
| 001 |
282637 |
| 005 |
20231101235522.0 |
| 010 |
|
|
|a 9785160044859
|
| 035 |
|
|
|a (RuTPU)RU\TPU\book\306574
|
| 090 |
|
|
|a 282637
|
| 100 |
|
|
|a 20150202d2015 m y0rusy50 ca
|
| 101 |
0 |
|
|a rus
|
| 102 |
|
|
|a RU
|
| 105 |
|
|
|a y j 001zy
|
| 200 |
1 |
|
|a Философия и теория познания
|e учебное пособие
|f Т. Г. Лешкевич
|
| 210 |
|
|
|a Москва
|c Инфра-М
|d 2015
|
| 215 |
|
|
|a 408 с.
|
| 225 |
1 |
|
|a Высшее образование
|
| 320 |
|
|
|a Библиогр.: с. 397-401.
|
| 330 |
|
|
|a В учебном пособии рассматривается широкий круг проблем современной философии, включая разделы теории познания. Отражены основные темы, обязательные для изучения в курсе философии, а также даны интерпретации наиболее актуальных проблем современного научного познания.Книга предназначена широкому кругу читателей, начиная от абитуриентов и студентов, изучающих философию, и кончая специалистами, аспирантами и соискателями, готовящимися к сдаче кандидатского минимума по философии науки.
|
| 606 |
1 |
|
|a Познание
|x Философия
|2 stltpush
|3 (RuTPU)RU\TPU\subj\49977
|9 68737
|
| 606 |
1 |
|
|a Метафизика
|2 stltpush
|3 (RuTPU)RU\TPU\subj\68166
|9 83649
|
| 610 |
1 |
|
|a философия
|
| 610 |
1 |
|
|a философские учения
|
| 610 |
1 |
|
|a бытие
|
| 610 |
1 |
|
|a сознание
|
| 610 |
1 |
|
|a русская философия
|
| 610 |
1 |
|
|a мифологическое сознание
|
| 610 |
1 |
|
|a натурфилософия
|
| 610 |
1 |
|
|a софисты
|
| 610 |
1 |
|
|a постмодерн
|
| 610 |
1 |
|
|a материя
|
| 610 |
1 |
|
|a ноосфера
|
| 610 |
1 |
|
|a субституция
|
| 610 |
1 |
|
|a универсум
|
| 610 |
1 |
|
|a движение
|
| 610 |
1 |
|
|a пространство
|
| 610 |
1 |
|
|a время
|
| 610 |
1 |
|
|a научная картина мира
|
| 610 |
1 |
|
|a хаос
|
| 610 |
1 |
|
|a философы
|
| 610 |
1 |
|
|a энергия
|
| 610 |
1 |
|
|a космология
|
| 610 |
1 |
|
|a Метагалактика
|
| 610 |
1 |
|
|a конечное
|
| 610 |
1 |
|
|a бесконечное
|
| 610 |
1 |
|
|a человек
|
| 610 |
1 |
|
|a сознание
|
| 610 |
1 |
|
|a душа
|
| 610 |
1 |
|
|a антропосоциогенез
|
| 610 |
1 |
|
|a синергетика
|
| 610 |
1 |
|
|a биосоциальное существо
|
| 610 |
1 |
|
|a самосознание
|
| 610 |
1 |
|
|a языковая реальность
|
| 610 |
1 |
|
|a бессознательное
|
| 610 |
1 |
|
|a наука
|
| 610 |
1 |
|
|a научное познание
|
| 610 |
1 |
|
|a вненаучные знания
|
| 610 |
1 |
|
|a социокультурная картина мира
|
| 610 |
1 |
|
|a познавательные процессы
|
| 610 |
1 |
|
|a чувственное познание
|
| 610 |
1 |
|
|a рациональное познание
|
| 610 |
1 |
|
|a разум
|
| 610 |
1 |
|
|a истинность
|
| 610 |
1 |
|
|a коммуникативная рациональность
|
| 610 |
1 |
|
|a действительность
|
| 610 |
1 |
|
|a гносеология
|
| 610 |
1 |
|
|a учебные пособия
|
| 686 |
|
|
|a Ю21я73
|v LBC/SL-A
|2 rubbk
|
| 686 |
|
|
|a Ю22я73
|v LBC/SL-A
|2 rubbk
|
| 700 |
|
1 |
|a Лешкевич
|b Т. Г.
|g Татьяна Геннадьевна
|
| 801 |
|
1 |
|a RU
|b 63413507
|c 20150202
|
| 801 |
|
2 |
|a RU
|b 63413507
|c 20220831
|g RCR
|
| 942 |
|
|
|c BK
|
| 959 |
|
|
|a 10/20150202
|d 2
|e 399,90
|f ЧЗГЛ:1
|f АНЛ:1
|